000 00288nam a2200097Ia 4500
001 1120201
005 20250827004620.0
008 250824s9999 xx 000 0 und d
245 0 _aBABAMIN ŞARKISI F5 27
_cİSMAİL ÖZEN
260 _bKETEBE YAYINEVİ
999 _c1120201
_d1120201